United Nations global conferences (Record no. 4447)

MARC details
000 -LEADER
fixed length control field 00539nam a2200205Ia 4500
020 ## - INTERNATIONAL STANDARD BOOK NUMBER
ISBN 0-415-34381-X
082 ## - DEWEY DECIMAL CLASSIFICATION NUMBER
Classification number 060 SCH-U
100 ## - MAIN ENTRY--AUTHOR NAME
Personal name Schechter, Michael G.
245 #0 - TITLE STATEMENT
Title United Nations global conferences
260 ## - PUBLICATION, DISTRIBUTION, ETC. (IMPRINT)
Place of publication London
Name of publisher Routledge
Year of publication 2005
300 ## - PHYSICAL DESCRIPTION
Number of Pages xvi, 270
440 ## - SERIES STATEMENT/ADDED ENTRY--TITLE
Title Global institutions series
504 ## - BIBLIOGRAPHY, ETC. NOTE
Bibliography, etc includes index
650 ## - SUBJECT ADDED ENTRY--TOPICAL TERM
Topical Term United Nations
650 ## - SUBJECT ADDED ENTRY--TOPICAL TERM
Topical Term Congresses and conventions
650 ## - SUBJECT ADDED ENTRY--TOPICAL TERM
Topical Term International organization
700 ## - ADDED ENTRY--PERSONAL NAME
Personal name Weiss, Thomas G.
710 ## - ADDED ENTRY--CORPORATE NAME
Corporate name or jurisdiction name as entry element Wilkinson, Rorden
942 ## - ADDED ENTRY ELEMENTS (KOHA)
Koha item type Books
Holdings
Withdrawn status Lost status Damaged status Not for loan Home library Current library Date acquired Source of acquisition Bill Date Full call number Accession Number Price effective from Koha item type
        NASSDOC Library NASSDOC Library 06/12/2005 SAMS 2005-09-27 060 SCH-U 41139 18/04/2019 Books